000 00406nam a22001697a 4500
005 20160621103316.0
008 160621b xxu||||| |||| 00| 0 eng d
020 _a978-0333-93719-8
041 _aeng
082 _b8676
100 _aRamaswamy, U.S and Namakumari, S.
_92365
245 _aMarketing Management
260 _bMac Millan
_c2008
300 _a717
650 _aManagement
_9241
942 _cBK
999 _c3347
_d3346